Teaching children movement concepts and skills : becoming a master teacher
Αποθηκεύτηκε σε:
| Κύριος συγγραφέας: | |
|---|---|
| Μορφή: | Βιβλίο |
| Γλώσσα: | English |
| Δημοσίευση: |
Champaign :
Human Kinetics,
1994
|
| Θέματα: | |
| Ετικέτες: |
Προσθήκη ετικέτας
Δεν υπάρχουν, Καταχωρήστε ετικέτα πρώτοι!
|
MARC
| LEADER | 00000nam a2200000 i 4500 | ||
|---|---|---|---|
| 001 | 1/86636 | ||
| 008 | 990716s1994 eng d | ||
| 020 | |a 0-87322-480-9 | ||
| 035 | |l 10052118 | ||
| 040 | |a GR-MY-UA |b gre |e aacr | ||
| 041 | 0 | |a eng | |
| 082 | 0 | |a 372.86 | |
| 100 | 1 | |a Buschner, Craig A. |d 1951- | |
| 245 | 1 | 0 | |a Teaching children movement concepts and skills : |b becoming a master teacher / |c Craig A.Buschner |
| 260 | |a Champaign : |b Human Kinetics, |c 1994 | ||
| 300 | |a 138 p. | ||
| 650 | 0 | 0 | |a Movement education. |
| 852 | |a INST |b RHODES |e 19990716 |h 372.86 BUS |p 005400014549 |q 005400014549 |t BK |y 0 | ||
| 901 | |a BIBL4-1999-2 | ||
| 909 | |a Ρ |b 065873 | ||
| 922 | |a 4ΕΛΗ |b 199905 |c ΚΠΣ/154 |d LEADER | ||
| 970 | |a ΤΕΡΝΕΖΗΣ |b ΧΡΗΣΤΟΣ |z 1999/07/16 | ||